000 01625cam a2200157 4500500
005 20260208005734.0
041 _afre
042 _adc
100 1 0 _aBerchet, Jean-Claude
_eauthor
245 0 0 _aALPHONSE DE LAMARTINE, Voyage en Orient. Texte établi, présenté et annoté par SARGA MOUSSA. Paris, Honoré Champion, 2000. Un vol. in-8° de 782 p.
260 _c2003.
500 _a66
520 _aLa correspondance d’André Rolland de Renéville avec Saint-Pol-Roux partiellement publiée dans le premier numéro du Grand Jeu semble s’inscrire dans la filiation des surréalistes qui avaient remis à l’honneur le Mage de Camaret en 1925. Pourtant, cette correspondance se veut avant tout l’expression d’un dépassement du Surréalisme qui, reformulant la figure du poète finistérien, propose implicitement une interprétation nouvelle de ses images et leur donne un sens métaphysique qui témoigne de l’infléchissement ésotériste apporté par Renéville à la doctrine du Grand Jeu. Bien des années plus tard, quand Aragon s’en prend à l’introduction d’Anciennetés que Renéville avait écrite pour les Éditions du Seuil, la guerre et la mort tragique de Saint-Pol-Roux sont venus brouiller les termes du débat, mais les enjeux demeurent les mêmes : derrière le mythe de Saint-Pol-Roux, c’est toujours une conception de la poésie qui s’avance.
786 0 _nRevue d'histoire littéraire de la France | 103 | 2 | 2003-04-01 | p. 463x-508x | 0035-2411
856 4 1 _uhttps://shs.cairn.info/revue-d-histoire-litteraire-de-la-france-2003-2-page-463x?lang=fr&redirect-ssocas=7080
999 _c1653519
_d1653519